00659nam a2200133Ia 4500008004100000100002300041245011000064245019600174260005300370260001800423300000800441650001500449856006100464170221s9999 xx 000 0 und d aRaisa I. Platonova aDidactic Possibilities of Formation of University Students Professionally Significant Personal Qualities  cRaisa I. Platonova, Larisa P. Lazareva, Anatoly M. Pechenyuk, Anatoly E. Polichka, Aleksandr I. Ikonnikov, Natalya V. Semenova, Ekaterina K. Dvoryankina, Leonid V. Blinov, Alexey V. Bastrikov bInternational Review of Management and Marketing cFebruary 2015 a4:1 xMarketing. uhttp://www.econjournals.com/index.php/irmm/issue/view/71